<?xml version="1.0" encoding="UTF-8"?>
<collection xmlns="http://www.loc.gov/MARC21/slim">
    <record>
        <controlfield tag="001">68457</controlfield>
        <controlfield tag="005">20180223095302.0</controlfield>
        <datafield tag="037" ind1=" " ind2=" ">
            <subfield code="a">GDOC-2016-67619</subfield>
        </datafield>
        <datafield tag="041" ind1=" " ind2=" ">
            <subfield code="a">spa</subfield>
        </datafield>
        <datafield tag="100" ind1=" " ind2=" ">
            <subfield code="0">(orcid)0000-0001-8881-9384</subfield>
            <subfield code="1">192607</subfield>
            <subfield code="a">Aguilar Martín, María Carmen</subfield>
        </datafield>
        <datafield tag="245" ind1="0" ind2="0">
            <subfield code="9">67619</subfield>
            <subfield code="a">Derecho social y políticas sociales de la Unión Europea</subfield>
        </datafield>
        <datafield tag="242" ind1="0" ind2="0">
            <subfield code="9">67619</subfield>
            <subfield code="a">Social law and social policy in the European Union</subfield>
        </datafield>
        <datafield tag="260" ind1=" " ind2=" ">
            <subfield code="a">Zaragoza</subfield>
            <subfield code="b">Universidad de Zaragoza</subfield>
            <subfield code="c">2016-2017</subfield>
        </datafield>
        <datafield tag="520" ind1=" " ind2=" ">
            <subfield code="a">Breve presentación de la asignatura
La asignatura de Derecho social comunitario y políticas sociales de la Unión Europea es una asignatura optativa del Máster en Unión Europea. Se desarrolla en el segundo semestre del curso y equivale a 3 créditos ECTS. Tiene como objetivos principales el desarrollo de los temas claves para comprender la evolución del Derecho Social en la Unión europea y su papel como pieza fundamental para estructurar las políticas sociales en el seno de la Unión. Es una asignatura que permite la profundización en un área concreta del Derecho de la Unión Europea de singular trascendencia.</subfield>
            <subfield code="b"> </subfield>
        </datafield>
        <datafield tag="521" ind1=" " ind2=" ">
            <subfield code="9">644</subfield>
            <subfield code="a">Unión Europea</subfield>
        </datafield>
        <datafield tag="540" ind1=" " ind2=" ">
            <subfield code="a">by-nc-sa</subfield>
            <subfield code="b">Creative Commons</subfield>
            <subfield code="c">3.0</subfield>
            <subfield code="u">http://creativecommons.org/licenses/by-nc-sa/3.0/</subfield>
        </datafield>
        <datafield tag="700" ind1=" " ind2=" ">
            <subfield code="0">(orcid)0000-0002-1654-4278</subfield>
            <subfield code="1">472583</subfield>
            <subfield code="a">Álvarez Gimeno, Rafael</subfield>
        </datafield>
        <datafield tag="830" ind1=" " ind2=" ">
            <subfield code="9">524</subfield>
        </datafield>
        <datafield tag="856" ind1="4" ind2=" ">
            <subfield code="s">15888</subfield>
            <subfield code="u">http://zaguan.unizar.es/record/68457/files/guia-67619-es.pdf</subfield>
            <subfield code="y">Guía (idioma español)</subfield>
        </datafield>
        <datafield tag="856" ind1="4" ind2=" ">
            <subfield code="s">7100</subfield>
            <subfield code="u">http://zaguan.unizar.es/record/68457/files/guia-67619-en.pdf</subfield>
            <subfield code="y">Guide (english)</subfield>
        </datafield>
        <datafield tag="970" ind1=" " ind2=" ">
            <subfield code="a">GDOC-2016-67619</subfield>
        </datafield>
        <datafield tag="980" ind1=" " ind2=" ">
            <subfield code="a">GDOC</subfield>
            <subfield code="b">Ciencias sociales y jurídicas</subfield>
            <subfield code="c">109</subfield>
        </datafield>
    </record>

    
</collection>